Un enfoque nuevo del Salmo 23 : (Registro nro. 50357)
[ vista simple ]
| 000 -LÍDER | |
|---|---|
| Campo fijo de descripción fija | 02140aab a2200205 4500 |
| 001 - NÚMERO DE CONTROL | |
| Campo de control | 768714001 |
| 003 - IDENTIFICADOR DEL NÚMERO DE CONTROL | |
| Campo de control | CO-MdFUSB |
| 005 - FECHA Y HORA DE LA ULTIMA TRANSACCIÓN | |
| control field | 20250301120538.0 |
| 008 - ELEMENTOS DE LONGITUD FIJA -- INFORMACIÓN GENERAL | |
| Campo fijo de descripción fija -- Información general | 170811s1987 cr ||||| |||| 00| 0 spa d |
| 040 ## - FUENTE DE CATALOGACIÓN | |
| Agencia Catalogadora | CO-MdFUSB |
| Idioma de catalogación | spa |
| Agencia que realiza la transcripción | CO-MdFUSB |
| Agencia que realiza la modificación | CO-MdFUSB |
| 041 ## - CÓDIGO DE IDIOMA | |
| Código de idioma para texto/pista de sonido o título separado | spa |
| 100 1# - ASIENTO PRINCIPAL--NOMBRE PERSONAL | |
| Nombre personal | Simpson, Charles |
| Término relacionador | autor |
| 245 10 - TÍTULO | |
| Título | Un enfoque nuevo del Salmo 23 : |
| Subtitulo | caminos de porder |
| Mención de responsabilidad | / Simpson, Charles |
| 300 ## - DESCRIPCIÓN FÍSICA | |
| Extensión | Volumen 1. Número 1 (1987), páginas 4-9 |
| Dimensiones | : 28 cm. |
| 520 ## - NOTA DE RESUMEN, ETC. | |
| Nota de sumario, etc. | Un amigo mío compartió su experiencia como presidente del jurado en un caso de asesinato, donde una mujer fue acusada de pagar a su novio para matar a sus padres. A pesar de que todos los miembros del jurado creían que la mujer era culpable, uno de ellos tenía dudas técnicas sobre la evidencia, lo que causó un desacuerdo y retrasó el veredicto. Tras varios días de deliberaciones, el presidente del jurado se dirigió al juez para expresar que, aunque se habían pagado muchos precios por el juicio, la justicia no siempre se logra siguiendo estrictamente la ley. Esto fue un recordatorio de que la justicia debe ser guiada por la rectitud, más allá de los aspectos legales.<br/><br/>El texto también reflexiona sobre la justicia divina, señalando que Dios no sacrifica la justicia por misericordia, sino que ambas se cumplen a través del sacrificio de Jesucristo. Se discute la batalla entre la rectitud y la maldad, y cómo Cristo, como el Justo, triunfó sobre el pecado, la muerte y el mal. La justicia divina se manifestará plenamente en el regreso de Cristo, quien establecerá su reino justo. Finalmente, se habla sobre las dificultades humanas (como Satanás, el ego y las circunstancias) que impiden la manifestación de la justicia, pero se asegura que los creyentes, guiados por el Espíritu, pueden superar estos obstáculos.<br/><br/>Este es un resumen de los puntos clave del texto, destacando la importancia de la rectitud y la justicia divina en la vida y el juicio humano. |
| 650 #7 - ASIENTO SECUNDARIO DE MATERIA - TERMINO TEMÁTICO | |
| Término temático o nombre geográfico como elemento de entrada | Justicia |
| 9 (RLIN) | 2116 |
| 773 0# - ASIENTO DE ITEM FUENTE | |
| Título | Conquista Cristiana |
| Biblionumber | 49446 |
| Itemnumber | 60350 |
| Parte(s) relacionada(s) / Volumen., número. (mes año), páginas | Volumen 1. Número 1 (1987), páginas 4-9 |
| Enumeración y primera página | Página 4 |
| 942 ## - TIPO DE MATERIAL (KOHA) | |
| Tipo de Item KOHA | Artículos de Revista |
| 945 ## - INFORMACIÓN LOCAL DEL REGISTRO | |
| Catalogador | JTF-925 |
No hay ítems disponibles.
